000 00225nam a22000857a 4500
008 170301b xxu||||| |||| 00| 0 eng d
100 _92973
_aRatchliffe.S
245 _aOxfrd Quotations and Provebs
260 _aNew Delhi
_bOxfrd
_c2001
999 _c6217
_d6217